000 00399nam a2200169Ia 4500
003 GCL
040 _aGCL /
_cGCL
082 0 4 _a704
_bB V
100 1 _aBERT,LORE
245 1 0 _aVORATELLUNGSREALIT ATEN /
_cBERT,LORE
700 1 _aBUREN,DAVIEL
260 _a[S.N] :
_bGALERIE DARATHEA AN DER ،
_c1995
300 _a79P
650 0 4 _aDECORTIVE ARTS FINE ARTS
650 0 4 _aARTS
942 _2ddc
_cBK
999 _c12338
_d12338